000 00260 a2200121 4500
001 48663
040 _cAnchieta - Bela Vista
240 1 0 _aA bela adormecida
_lpor
245 1 0 _aA bela adormecida
362 0 _a2011
650 4 _aLiteratura infantil
942 _cBK
999 _c48663
_d48663